000 00323nam a2200145Ia 4500
005 20250423101236.0
008 250422s9999 xx 000 0 und d
020 _a0- 553- 57525- 2
100 _aJane Feather
245 4 _aThe Emerald swan
260 _bBantam books
260 _c1998
300 _a419 p
942 _cBK
999 _c35718
_d35718